<?xml version="1.0" encoding="UTF-8"?>
<record
    xmlns:xsi="http://www.w3.org/2001/XMLSchema-instance"
    xsi:schemaLocation="http://www.loc.gov/MARC21/slim http://www.loc.gov/standards/marcxml/schema/MARC21slim.xsd"
    xmlns="http://www.loc.gov/MARC21/slim">

  <leader>01734cam a22003493a 4500</leader>
  <controlfield tag="001">0000721</controlfield>
  <controlfield tag="003">DO-SdBNP</controlfield>
  <controlfield tag="005">20171109122644.0</controlfield>
  <controlfield tag="007">0000721</controlfield>
  <controlfield tag="008">861112   2009 ag ac         000 0 spa d</controlfield>
  <datafield tag="010" ind1=" " ind2=" ">
    <subfield code="a"> </subfield>
  </datafield>
  <datafield tag="020" ind1=" " ind2=" ">
    <subfield code="a">9789507715730</subfield>
  </datafield>
  <datafield tag="040" ind1=" " ind2=" ">
    <subfield code="a">BPMSU</subfield>
    <subfield code="c">spa</subfield>
    <subfield code="d">BPMSU</subfield>
    <subfield code="d"> </subfield>
  </datafield>
  <datafield tag="082" ind1=" " ind2="4">
    <subfield code="a">590</subfield>
    <subfield code="b">G943v</subfield>
  </datafield>
  <datafield tag="245" ind1="0" ind2="0">
    <subfield code="a">Gu&#xED;a visual del mundo animal /</subfield>
    <subfield code="c">redacci&#xF3;n y selecci&#xF3;n de textos Adriana Cuenca ; ilustraciones Paulo Sover&#xF3;n </subfield>
  </datafield>
  <datafield tag="260" ind1="0" ind2=" ">
    <subfield code="a">Buenos Aires :</subfield>
    <subfield code="b">Cultural Librera Americana,</subfield>
    <subfield code="c">2009.</subfield>
  </datafield>
  <datafield tag="300" ind1=" " ind2=" ">
    <subfield code="a">64 p. :</subfield>
    <subfield code="b">il.,</subfield>
    <subfield code="c">39 cm.</subfield>
  </datafield>
  <datafield tag="500" ind1=" " ind2=" ">
    <subfield code="a">Incluye glosario.</subfield>
  </datafield>
  <datafield tag="505" ind1="2" ind2=" ">
    <subfield code="g">Vertebrados --</subfield>
    <subfield code="t">El mundo de los animales --</subfield>
    <subfield code="t">Los vertebrados --</subfield>
    <subfield code="t">Los mam&#xED;feros --</subfield>
    <subfield code="t">Sistemas y estructuras internas --</subfield>
    <subfield code="t">Aparato digestivo de un elefante --</subfield>
    <subfield code="t">Reproducci&#xF3;n --</subfield>
    <subfield code="t">Diversidad de mam&#xED;feros --</subfield>
    <subfield code="t">Las aves --</subfield>
    <subfield code="t">Sistemas y estructuras --</subfield>
    <subfield code="t">Reproducci&#xF3;n y nacimiento --</subfield>
    <subfield code="t">Diversidad de aves --</subfield>
    <subfield code="t">Los reptiles --</subfield>
    <subfield code="t">Los anfibios --</subfield>
    <subfield code="t">Estructuras y adaptaciones --</subfield>
    <subfield code="t">Diversidad de anfibios y reptiles --</subfield>
    <subfield code="t">Los peces --</subfield>
    <subfield code="t">Reproducci&#xF3;n y sistemas internos --</subfield>
    <subfield code="t">Diversidad de peces --</subfield>
    <subfield code="g">Invertebrados --</subfield>
    <subfield code="t">Los invertebrados --</subfield>
    <subfield code="t">Los equinodermos --</subfield>
    <subfield code="t">Los artr&#xF3;podos --</subfield>
    <subfield code="t">Diversidad de artr&#xF3;podos --</subfield>
    <subfield code="t">Los moluscos --</subfield>
    <subfield code="t">Los an&#xE9;lidos --</subfield>
    <subfield code="t">Los por&#xED;feros y los celenterados --</subfield>
    <subfield code="t">Organismos simples --</subfield>
    <subfield code="t">Glosario --</subfield>
  </datafield>
  <datafield tag="600" ind1=" " ind2=" ">
    <subfield code="a"> </subfield>
    <subfield code="x"> </subfield>
  </datafield>
  <datafield tag="650" ind1=" " ind2="4">
    <subfield code="a">ZOOLOG&#xCD;A</subfield>
  </datafield>
  <datafield tag="650" ind1=" " ind2="4">
    <subfield code="a">ANIMALES</subfield>
    <subfield code="x">CLASIFICACI&#xD3;N</subfield>
  </datafield>
  <datafield tag="650" ind1=" " ind2="4">
    <subfield code="a">ANIMALES</subfield>
    <subfield code="x">H&#xC1;BITOS </subfield>
  </datafield>
  <datafield tag="650" ind1=" " ind2="4">
    <subfield code="a">VERTEBRADOS</subfield>
  </datafield>
  <datafield tag="650" ind1=" " ind2="4">
    <subfield code="a">INVERTEBRADOS</subfield>
  </datafield>
  <datafield tag="700" ind1="1" ind2="2">
    <subfield code="a">redacci&#xF3;n y selecci&#xF3;n de textos Adriana Cuenca</subfield>
  </datafield>
  <datafield tag="700" ind1="1" ind2="2">
    <subfield code="a">Sover&#xF3;n, Paulo</subfield>
    <subfield code="e">il.</subfield>
  </datafield>
  <datafield tag="910" ind1=" " ind2=" ">
    <subfield code="a">Validado. Control de calidad MFF</subfield>
  </datafield>
  <datafield tag="942" ind1=" " ind2=" ">
    <subfield code="2">ddc</subfield>
    <subfield code="c">BK</subfield>
  </datafield>
  <datafield tag="945" ind1=" " ind2=" ">
    <subfield code="a">Inventariado extranjero / 2017 VM</subfield>
  </datafield>
  <datafield tag="952" ind1=" " ind2=" ">
    <subfield code="0">0</subfield>
    <subfield code="1">0</subfield>
    <subfield code="2">ddc</subfield>
    <subfield code="4">0</subfield>
    <subfield code="7">0</subfield>
    <subfield code="8">CG</subfield>
    <subfield code="a">BPMET</subfield>
    <subfield code="b">BPMET</subfield>
    <subfield code="d">2016-10-12</subfield>
    <subfield code="e"> </subfield>
    <subfield code="l">0</subfield>
    <subfield code="o">590 G943v</subfield>
    <subfield code="p">BPMSU16100155</subfield>
    <subfield code="r">2016-10-12</subfield>
    <subfield code="w">2016-10-12</subfield>
    <subfield code="y">BK</subfield>
  </datafield>
  <datafield tag="952" ind1=" " ind2=" ">
    <subfield code="0">0</subfield>
    <subfield code="1">0</subfield>
    <subfield code="2">ddc</subfield>
    <subfield code="4">0</subfield>
    <subfield code="7">0</subfield>
    <subfield code="8">CG</subfield>
    <subfield code="a">BPMET</subfield>
    <subfield code="b">BPMET</subfield>
    <subfield code="d">2016-10-12</subfield>
    <subfield code="e"> </subfield>
    <subfield code="l">0</subfield>
    <subfield code="o">590 G943v</subfield>
    <subfield code="p">BPMSU16100156</subfield>
    <subfield code="r">2016-10-12</subfield>
    <subfield code="t">e. 2</subfield>
    <subfield code="w">2016-10-12</subfield>
    <subfield code="y">BK</subfield>
  </datafield>
  <datafield tag="956" ind1=" " ind2=" ">
    <subfield code="2">YLOCKWARD</subfield>
    <subfield code="3">10</subfield>
    <subfield code="8">BPMSU</subfield>
  </datafield>
  <datafield tag="999" ind1=" " ind2=" ">
    <subfield code="c">11558</subfield>
    <subfield code="d">11558</subfield>
  </datafield>
</record>
